000 01075nam a2200301 i 4500
003 DO-SdBNP
005 20260321073646.0
007 ta
008 250527b2023 dr ||||| |||| 00| 0 spa d
020 _a9789945501957
040 _aDO-SdBNP
_bspa
_cBNPHU
_erda
041 _aspa
082 4 _aRD863.4409
_bP438J
_222
100 1 _aPérez Mateo, Santiago,
_d1969-
_eautor
_4aut.
_980763
245 1 0 _aJuan Bosch, visión humanista en su narratividad :
_bnovelas y cuentos /
_cSantiago Pérez Mateo
264 1 _aSanto Domingo :
_bEditora no identificada,
_c2023.
300 _a444 páginas ;
_c29 cm
336 _atexto
_btxt
_2rdacontent
337 _asin mediación
_bn
_2rdamedia
338 _avolumen
_bnc
_2rdacarrier
500 _aIncluye datos biográficos del autor en la contracubierta
504 _aBibliografía : páginas 434-444
590 _aInventariado, 2025/DG
600 1 0 _a Bosch, Juan,
_d1909-2001
_xCrítica e interpretación.
_976555
650 _aHumanismo en la literatura
_987888
910 _aDG/Validado. Control de calidad MFF
942 _2ddc
_cLBS1
999 _c58754
_d58754